Devízová politika v Slovenskej republike

Formovanie konvertibility československej koruny (neskôr slovenskej koruny) po vstupe ČSFR do Medzinárodného menového fondu. Uvoľňovanie devízového hospodárstva. Zavedenie plnej konvertibility v súlade s požiadavkami Európskej únie. Formovanie devízového kurzu slovenskej koruny.

Guardado en:
Detalles Bibliográficos
Autor principal: Jankovská, Anežka
Formato: Capítulo de libro
Lenguaje:eslovaco
inglés
Materias:
Etiquetas: Agregar Etiqueta
Sin Etiquetas, Sea el primero en etiquetar este registro!

MARC

LEADER 00000naa a2200000 4500
001 r040304
005 20221207121327.7
041 0 |a slo 
041 0 |a eng 
044 |a SK 
245 1 0 |a Devízová politika v Slovenskej republike  |c Anežka Jankovská 
520 |a Formovanie konvertibility československej koruny (neskôr slovenskej koruny) po vstupe ČSFR do Medzinárodného menového fondu. Uvoľňovanie devízového hospodárstva. Zavedenie plnej konvertibility v súlade s požiadavkami Európskej únie. Formovanie devízového kurzu slovenskej koruny. 
610 2 0 |a politika devízová 
610 2 0 |a Slovensko 
610 2 0 |a konvertibilita 
610 2 0 |a koruna 
610 2 0 |a kurz devízový 
610 2 0 |a kurz menový 
610 2 0 |a politika menová 
100 1 |a Jankovská, Anežka